01642nam a22003617a 4500003000500000005001700005008004100022010001100063011001100074035001100085040000900096090001000105100004000115245017200155260004000327500006000367502010400427590003700531590004100568590004100609590004100650590004200691650002300733650002900756856006400785901000700849942000900856949006300865949005800928999001900986952014001005952013501145CHAP20220329143926.0310812s2012 mx r 00010 spa d a103819 a104791 a115481 cCHAP aTesis1 aVillalobos Cavazos, Oswaldo911942810aDel lacandón a la selva lacandona :h[En línea]bla construcción de una región a través de sus representaciones y narrativasc/por Oswaldo Villalobos Cavazos aChapingo, Méx. :bEl autor,c2012 aPara ver el contenido del material haga clic en la liga aTesis (M.C. en Desarrollo Rural regional) -- UACH. Dirección de Centros Regionales Universitarios aALEPHb10c20130110lUCH01h1546 aBATCH-UPDb10c20130110lUCH01h1240 aBATCH-UPDb10c20140324lUCH01h1533 aBATCH-UPDb10c20141002lUCH01h0855 aCONVERSIONb10c20130109lUCH01h135714aLacandones.96432014aSelva Lacandona.9103818 3Finding aiduhttp://10.13.5.2/tesis/115481.pdfzTeclea aqui aBK cFOLL aTesisbBCcTESd33724002330165eTS2fc.2h53905i115481st aTesisbBCcTESd33724002330207eTS1h53904i115481st c103819d103819 00102local4053708TESISaBCbBCcPA_TESISd2019-12-31fTESISl0oTesisp33724002330165r2019-12-31 00:00:00tc.2w2019-12-31yTESIS 00102local4051708TESISaBCbBCcPA_TESISd2019-12-31fTESISl0oTesisp33724002330207r2019-12-31 00:00:00w2019-12-31yTESIS